000
00239nam a22000857a 4500
008
161205b xxu||||| |||| 00| 0 eng d
100
_9
1811
_a
Reader's digest
245
_a
How to increase your word power
260
_a
NEW YORK
_b
READERS DIGEST
_c
1975
999
_c
4554
_d
4554